[Event "Dublin Gonzaga Masters"]
[Site "Dublin"]
[Date "2024.01.27"]
[Round "2"]
[White "Daly, Colm"]
[Black "Fernandez, Daniel Howard"]
[Result "0-1"]
[WhiteElo "2140"]
[BlackElo "2525"]
[PlyCount "138"]
[EventDate "2024.01.26"]
[EventType "swiss"]
[EventRounds "5"]
[EventCountry "IRL"]
[SourceTitle "CB05_2024"]
[SourceDate "2024.01.31"]
[SourceVersion "1"]
[SourceVersionDate "2024.01.31"]
[SourceQuality "1"]

1. d4 Nf6 2. c4 c6 3. Nf3 d5 4. cxd5 cxd5 5. Nc3 Nc6 6. Bf4 a6 7. e3 Bg4 8. Be2 e6 9. 0-0 Bd6 10. Ne5 Bxe2 11. Qxe2 Rc8 12. Rfd1 Bb4 13. Rac1 Na5 14. Nb1 Be7 15. a3 Nd7 16. b4 Nxe5 17. Bxe5 f6 18. bxa5 fxe5 19. Qh5+ Kd7 20. Rxc8 Qxc8 21. e4 Qc2 22. exd5 exd5 23. Rf1 exd4 24. Qxd5+ Kc8 25. Qe6+ Kd8 26. Qe5 Bf6 27. Qb8+ Qc8 28. Qd6+ Ke8 29. Nd2 Kf7 30. Qd5+ Kg6 31. Qe4+ Kh6 32. Qf4+ Kg6 33. Qe4+ Qf5 34. Qxb7 Qxa5 35. Nf3 Rd8 36. Rd1 Qxa3 37. h4 h6 38. Qe4+ Kf7 39. g4 Qb3 40. Rb1 Qd5 41. Qd3 Re8 42. Rb6 Re6 43. Rxe6 Qxe6 44. g5 hxg5 45. hxg5 Be5 46. Kf1 g6 47. Qe4 Bg7 48. Qf4+ Qf5 49. Qc7+ Kg8 50. Qc4+ Kh7 51. Ne1 a5 52. Nd3 Qxg5 53. Ke2 Qg4+ 54. Kd2 Qd7 55. Kc2 a4 56. Kb1 Bf8 57. Ka2 a3 58. Ne5 Qd6 59. Nd3 Qe7 60. Kb3 Qe2 61. Qc7+ Kh8 62. Qe5+ Qxe5 63. Nxe5 Kg7 64. Nc4 Kf6 65. Nd2 Kf5 66. Kc2 d3+ 67. Kb3 Bh6 68. Nc4 Bc1 69. Nxa3 Bxa3 0-1

[Event "Dublin op"]
[Site "Dublin"]
[Date "2024.01.07"]
[Round "6"]
[White "Harrington, Eoin"]
[Black "Daly, Colm"]
[Result "0-1"]
[WhiteElo "1662"]
[BlackElo "2140"]
[PlyCount "74"]
[EventDate "2024.01.04"]
[EventType "swiss"]
[EventRounds "7"]
[EventCountry "IRL"]
[SourceTitle "CB02_2024"]
[SourceDate "2024.01.10"]
[SourceVersion "1"]
[SourceVersionDate "2024.01.10"]
[SourceQuality "1"]

1. e4 c5 2. Nc3 d6 3. d4 cxd4 4. Qxd4 a6 5. b3 Nc6 6. Qd2 g6 7. Bb2 Bh6 8. f4 e5 9. Nd5 Nce7 10. Ne2 Nxd5 11. Qxd5 Nf6 12. Qd3 Qa5+ 13. Bc3 Qc7 14. 0-0-0 0-0 15. Kb1 Re8 16. h3 Qc6 17. Qxd6 Qxd6 18. Rxd6 Nxe4 19. Rb6 Bxf4 20. Nxf4 Nxc3+ 21. Kb2 Nd1+ 22. Kc1 Nf2 23. Nd5 Nxh1 24. Nc7 Bf5 25. Nxa8 Rxa8 26. Rxb7 Be6 27. Rb6 a5 28. a4 Ng3 29. Bb5 Bd5 30. c4 Bxg2 31. c5 Rc8 32. c6 Nf5 33. Ra6 Nd4 34. Kb2 Bxc6 35. Bc4 Bxa4 36. Rxa5 Bxb3 37. Bxb3 Rb8 0-1

[Event "Dublin op"]
[Site "Dublin"]
[Date "2024.01.06"]
[Round "5"]
[White "Daly, Colm"]
[Black "Petrenko, Maryna"]
[Result "1/2-1/2"]
[WhiteElo "2140"]
[BlackElo "1750"]
[PlyCount "97"]
[EventDate "2024.01.04"]
[EventType "swiss"]
[EventRounds "7"]
[EventCountry "IRL"]
[SourceTitle "CB02_2024"]
[SourceDate "2024.01.10"]
[SourceVersion "1"]
[SourceVersionDate "2024.01.10"]
[SourceQuality "1"]

1. c4 c6 2. Nf3 d5 3. b3 Bf5 4. Bb2 Nf6 5. e3 h6 6. Be2 e6 7. 0-0 Nbd7 8. cxd5 exd5 9. d3 Bd6 10. Nbd2 0-0 11. a3 a5 12. Re1 Re8 13. Qc2 Bg6 14. Bc3 Qe7 15. Qb2 Ne5 16. Nxe5 Bxe5 17. Bxe5 Qxe5 18. Qxe5 Rxe5 19. b4 a4 20. Rec1 Ree8 21. Nf3 Bf5 22. Ra2 Rec8 23. Rac2 Kf8 24. Nd4 Bd7 25. h3 Ke7 26. f4 Kd6 27. Kf2 b6 28. Bg4 Nxg4+ 29. hxg4 c5 30. Nf5+ Bxf5 31. gxf5 Ra7 32. e4 dxe4 33. dxe4 Rac7 34. e5+ Kd7 35. Rc4 cxb4 36. Rd4+ Ke7 37. Rxc7+ Rxc7 38. Rxb4 Rc2+ 39. Kf3 Rc3+ 40. Kg4 Rxa3 41. Rxb6 Rb3 42. Ra6 a3 43. Ra7+ Ke8 44. e6 fxe6 45. Rxg7 exf5+ 46. Kh5 Rb4 47. Ra7 Rxf4 48. Rxa3 Rg4 49. Kxh6 1/2-1/2

[Event "Dublin op"]
[Site "Dublin"]
[Date "2024.01.05"]
[Round "2"]
[White "Spackman, Conor"]
[Black "Daly, Colm"]
[Result "0-1"]
[WhiteElo "1708"]
[BlackElo "2140"]
[PlyCount "74"]
[EventDate "2024.01.04"]
[EventType "swiss"]
[EventRounds "7"]
[EventCountry "IRL"]
[SourceTitle "CB02_2024"]
[SourceDate "2024.01.10"]
[SourceVersion "1"]
[SourceVersionDate "2024.01.10"]
[SourceQuality "1"]

1. e4 c5 2. Nf3 e6 3. d4 cxd4 4. Nxd4 a6 5. Bd3 Nf6 6. Nc3 Qc7 7. Qe2 d6 8. Be3 Nbd7 9. Nb3 b5 10. a3 Bb7 11. 0-0 Be7 12. f3 0-0 13. Qf2 d5 14. exd5 Nxd5 15. Nxd5 Bxd5 16. Rfd1 Rfc8 17. Nd4 Ne5 18. c3 Nxd3 19. Rxd3 g6 20. Ne2 Bc4 21. Rd2 e5 22. Ng3 f5 23. Bb6 Qc6 24. Rad1 Bb3 25. Re1 Bg5 26. Rde2 Bf6 27. f4 exf4 28. Nf1 Bc4 29. Rd2 Re8 30. Rxe8+ Rxe8 31. Bc5 Qe4 32. Bd4 Bg5 33. h4 Bh6 34. Bf6 Qe1 35. Bg5 Bxg5 36. hxg5 Bxf1 37. Qd4 Bc4+ 0-1

[Event "IRL-ch 102nd"]
[Site "Dublin"]
[Date "2023.08.11"]
[Round "7"]
[White "Daly, Colm"]
[Black "Collins, Adam"]
[Result "0-1"]
[WhiteElo "2181"]
[BlackElo "2093"]
[PlyCount "112"]
[EventDate "2023.08.05"]
[EventType "swiss"]
[EventRounds "9"]
[EventCountry "IRL"]
[SourceTitle "CBM 215 Extra"]
[Source "ChessBase"]
[SourceDate "2023.09.30"]
[SourceVersion "1"]
[SourceVersionDate "2023.09.30"]
[SourceQuality "1"]

1. Nf3 d5 2. b3 Nf6 3. Bb2 e6 4. c4 c5 5. e3 Nc6 6. cxd5 exd5 7. Bb5 Bd6 8. 0-0 0-0 9. d4 cxd4 10. Bxd4 Nxd4 11. Qxd4 Qa5 12. Be2 Bg4 13. a3 Qc7 14. Nbd2 Bxh2+ 15. Nxh2 Bxe2 16. Rfc1 Qe7 17. Rc5 b6 18. Rc3 Rac8 19. b4 Rxc3 20. Qxc3 Ba6 21. Rc1 Rc8 22. Qb2 Rxc1+ 23. Qxc1 Bc4 24. Qc3 Qc7 25. Nhf3 h6 26. Ne5 b5 27. Nd3 Nd7 28. Nf3 Qd6 29. Nde5 Nxe5 30. Nxe5 Qa6 31. Nd7 Qc8 32. Ne5 Qa6 33. Nd7 Qc8 34. Nc5 Qg4 35. f3 Qg3 36. Nd7 h5 37. Qd4 f6 38. Qd2 h4 39. Qf2 Kf7 40. Nc5 Ke7 41. a4 bxa4 42. Nxa4 Kd6 43. Nc3 Kc6 44. f4 a6 45. e4 Qxf2+ 46. Kxf2 dxe4 47. f5 Kd6 48. Ke3 Ke5 49. Nxe4 Bb5 50. g4 h3 51. Nd2 Bc6 52. Nf1 Bb7 53. Nh2 Bg2 54. Ke2 Ke4 55. Kf2 Kf4 56. Kg1 Ke5 0-1

[Event "IRL-ch 102nd"]
[Site "Dublin"]
[Date "2023.08.05"]
[Round "1"]
[White "Healy, John"]
[Black "Daly, Colm"]
[Result "0-1"]
[WhiteElo "1949"]
[BlackElo "2181"]
[PlyCount "62"]
[EventDate "2023.08.05"]
[EventType "swiss"]
[EventRounds "9"]
[EventCountry "IRL"]
[SourceTitle "CBM 215 Extra"]
[Source "ChessBase"]
[SourceDate "2023.09.30"]
[SourceVersion "1"]
[SourceVersionDate "2023.09.30"]
[SourceQuality "1"]

1. Nf3 Nf6 2. g3 d5 3. Bg2 c5 4. c4 d4 5. d3 Nc6 6. e3 e5 7. 0-0 Bd6 8. exd4 exd4 9. Re1+ Kf8 10. Bg5 h6 11. Bxf6 Qxf6 12. Nbd2 Qd8 13. a3 a5 14. Ne4 Be7 15. Qe2 Bg4 16. h3 Bf5 17. Nh2 Qc7 18. f4 Bd7 19. Nf3 Re8 20. Qf2 g6 21. Re2 Kg7 22. Rae1 f5 23. Ned2 Bd6 24. Kh2 Rxe2 25. Rxe2 Re8 26. Qe1 Rxe2 27. Qxe2 g5 28. Nxg5 hxg5 29. Qh5 Bxf4 30. Nf3 Bxg3+ 31. Kh1 Qf4 0-1

[Event "Dublin Irish New Year IM"]
[Site "Dublin"]
[Date "2023.01.05"]
[Round "2"]
[White "Daly, Colm"]
[Black "Kanyamarala, Trisha"]
[Result "0-1"]
[WhiteElo "2217"]
[BlackElo "2228"]
[PlyCount "94"]
[EventDate "2023.01.04"]
[EventType "tourn"]
[EventRounds "9"]
[EventCountry "IRL"]
[SourceTitle "CBM 212 Extra"]
[Source "ChessBase"]
[SourceDate "2023.03.31"]
[SourceVersion "1"]
[SourceVersionDate "2023.03.31"]
[SourceQuality "1"]

1. Nf3 d5 2. e3 Nf6 3. b3 Bg4 4. Bb2 e6 5. c4 Nbd7 6. cxd5 exd5 7. Be2 Bd6 8. d3 0-0 9. Nbd2 Re8 10. 0-0 c6 11. Re1 a5 12. a3 Bc7 13. Qc2 Nf8 14. b4 Bd6 15. Bc3 a4 16. Bf1 N8d7 17. Qb2 Qb8 18. h3 Bxf3 19. Nxf3 Ne5 20. Nd2 Ned7 21. f4 Qa7 22. Kf2 h5 23. Nf3 Rac8 24. Nd4 b6 25. g3 c5 26. Nb5 Qb8 27. Bg2 h4 28. g4 d4 29. exd4 Bxf4 30. Kg1 Be3+ 31. Kh1 Qg3 32. Bd2 Bf2 33. Rf1 cxd4 34. Bf4 Qxf4 35. Qxf2 Qxf2 36. Rxf2 Re3 37. Rd1 Ne5 38. Rfd2 Rd8 39. Kg1 Nh7 40. Rc2 Ng5 41. Kh2 Rg3 42. Re2 Nxd3 43. Red2 Nf4 44. Nxd4 Rxd4 45. Rxd4 Rxg2+ 46. Kh1 Nf3 47. Rd8+ Kh7 0-1

[Event "IRL-ch 101st"]
[Site "Dublin"]
[Date "2022.07.07"]
[Round "6"]
[White "O'Cuilleanain, Oisin"]
[Black "Daly, Colm"]
[Result "1-0"]
[WhiteElo "1936"]
[BlackElo "2190"]
[PlyCount "131"]
[EventDate "2022.07.02"]
[EventType "swiss"]
[EventRounds "9"]
[EventCountry "IRL"]
[SourceTitle "CBM 209 Extra"]
[Source "ChessBase"]
[SourceDate "2022.09.30"]
[SourceVersion "1"]
[SourceVersionDate "2022.09.30"]
[SourceQuality "1"]

1. d4 Nf6 2. c4 g6 3. f3 d6 4. e4 Bg7 5. Nc3 c6 6. Be3 a6 7. a4 a5 8. Nge2 Na6 9. Qd2 Nb4 10. Nc1 e5 11. d5 Nd7 12. Nd3 0-0 13. Nxb4 axb4 14. Nd1 c5 15. Nf2 f5 16. Bh6 Bxh6 17. Qxh6 f4 18. g4 Kh8 19. g5 Rf7 20. Ng4 b3 21. Be2 Qf8 22. Kf2 Qxh6 23. Nxh6 Rf8 24. Bd1 Nb6 25. Bxb3 Ra5 26. Rhc1 Kg7 27. Bd1 Bh3 28. b3 Rfa8 29. Rab1 Nd7 30. Be2 Nf8 31. Bf1 Bc8 32. h4 R5a6 33. Ke1 Rb6 34. Kd2 Rb4 35. Kc2 Bd7 36. Bg2 Ra7 37. Kd2 Ra6 38. Kc3 Rab6 39. a5 Ra6 40. Ra1 Ra7 41. Kb2 Ra8 42. Rh1 Ra6 43. Ra3 Bc8 44. Bh3 Bxh3 45. Rxh3 Nd7 46. Rh1 Nf6 47. Rg1 Nh5 48. Ng4 Ng3 49. Re1 b6 50. axb6 Raxb6 51. Nf6 Kf7 52. Ra7+ Rb7 53. Rxb7+ Rxb7 54. Nxh7 Nh5 55. Ra1 Kg7 56. Nf6 Nxf6 57. gxf6+ Kxf6 58. Ra6 Rd7 59. b4 g5 60. bxc5 gxh4 61. cxd6 h3 62. c5 Rg7 63. d7+ Ke7 64. d6+ Kd8 65. Ra8+ Kxd7 66. Ra7+ 1-0

[Event "IRL-ch 101st"]
[Site "Dublin"]
[Date "2022.07.06"]
[Round "5"]
[White "O'Connell, Gerard"]
[Black "Daly, Colm"]
[Result "0-1"]
[WhiteElo "2052"]
[BlackElo "2190"]
[PlyCount "58"]
[EventDate "2022.07.02"]
[EventType "swiss"]
[EventRounds "9"]
[EventCountry "IRL"]
[SourceTitle "CBM 209 Extra"]
[Source "ChessBase"]
[SourceDate "2022.09.30"]
[SourceVersion "1"]
[SourceVersionDate "2022.09.30"]
[SourceQuality "1"]

1. d4 e6 2. Nf3 Nf6 3. g3 b5 4. Bg2 Bb7 5. 0-0 Be7 6. a4 b4 7. c4 0-0 8. Nbd2 c5 9. dxc5 Na6 10. Nb3 Nxc5 11. Nxc5 Bxc5 12. Bf4 Rc8 13. b3 d6 14. Nd2 Bxg2 15. Kxg2 h6 16. Nf3 Re8 17. Bc1 e5 18. Bb2 Qb6 19. e3 Rcd8 20. Qc2 Qc6 21. Rad1 Re6 22. Rfe1 Rf8 23. e4 Ng4 24. Re2 f5 25. Rd5 Ref6 26. Nd2 f4 27. Qd3 fxg3 28. f3 Nf2 29. Qb1 Qc8 0-1

[Event "IRL-ch 101st"]
[Site "Dublin"]
[Date "2022.07.03"]
[Round "2"]
[White "Daly, Colm"]
[Black "Kanyamarala, Tarun"]
[Result "0-1"]
[WhiteElo "2190"]
[BlackElo "2379"]
[PlyCount "166"]
[EventDate "2022.07.02"]
[EventType "swiss"]
[EventRounds "9"]
[EventCountry "IRL"]
[SourceTitle "CBM 209 Extra"]
[Source "ChessBase"]
[SourceDate "2022.09.30"]
[SourceVersion "1"]
[SourceVersionDate "2022.09.30"]
[SourceQuality "1"]

1. Nf3 d5 2. e3 Nf6 3. c4 e6 4. b3 c5 5. Bb2 Nc6 6. cxd5 exd5 7. Bb5 Bd6 8. d4 cxd4 9. Nxd4 0-0 10. Nd2 Nxd4 11. Bxd4 Qa5 12. Bxf6 Qxb5 13. Bd4 Bf5 14. Qe2 Bd3 15. Qg4 g6 16. h4 f5 17. Qg5 f4 18. h5 fxe3 19. fxe3 Rf5 20. Qg4 g5 21. Rc1 Raf8 22. Bc3 Re8 23. Rh3 Bf4 24. Bd4 Qb4 25. Kd1 Bxe3 26. Rxe3 Rxe3 27. Rc8+ Kf7 28. Nf3 Re8 29. Rxe8 Kxe8 30. Qg3 Rf4 31. Qxg5 Qe7 32. Qxe7+ Kxe7 33. Bxa7 Bf1 34. Bc5+ Ke8 35. Be3 Re4 36. Kd2 Bxg2 37. Ng5 Re7 38. h6 Be4 39. Bd4 Bg6 40. a4 Rc7 41. Bc3 Kd7 42. a5 Rc8 43. b4 Rf8 44. Ke3 Kc6 45. Be5 Rf1 46. Nf3 Rb1 47. Bc3 Kb5 48. Bd2 Rh1 49. Kd4 Rh3 50. Ne5 Be4 51. Be1 Rxh6 52. Nf7 Rg6 53. Ke5 Bd3 54. Nd8 Rg7 55. Ne6 Rg1 56. Bf2 Rg8 57. Be1 Kc6 58. Nd4+ Kd7 59. Bh4 Rg4 60. Bf6 Bc4 61. b5 Rg2 62. a6 bxa6 63. bxa6 Ra2 64. a7 Rxa7 65. Ne6 Ra8 66. Ng7 Ra2 67. Bg5 Rh2 68. Bf4 Rh1 69. Nf5 Rh5 70. Kf6 Bd3 71. Ng7 Rh1 72. Ne6 Be4 73. Nd4 Rd1 74. Ke5 Rg1 75. Ne6 Re1 76. Kf6 Kc6 77. Bg3 Rf1+ 78. Ke5 Kb5 79. Kd4 Rd1+ 80. Ke3 Kc4 81. Ke2 Rb1 82. Be5 Rb7 83. Ke3 Re7 0-1

[Event "Dublin Bolger Cup"]
[Site "Dublin"]
[Date "2022.03.26"]
[Round "2"]
[White "Venkatesan, Kavin"]
[Black "Daly, Colm"]
[Result "1-0"]
[WhiteElo "2083"]
[BlackElo "2292"]
[PlyCount "121"]
[EventDate "2022.03.25"]
[EventType "swiss"]
[EventRounds "5"]
[EventCountry "IRL"]
[SourceTitle "CBM 207 Extra"]
[Source "ChessBase"]
[SourceDate "2022.05.31"]
[SourceVersion "1"]
[SourceVersionDate "2022.05.31"]
[SourceQuality "1"]

1. d4 Nf6 2. c4 g6 3. Nc3 Bg7 4. e4 d6 5. f4 c5 6. d5 0-0 7. Nf3 e6 8. dxe6 fxe6 9. Bd3 Nc6 10. 0-0 a6 11. Ng5 Nd4 12. Be3 Ne8 13. Qg4 b6 14. Rad1 Ra7 15. Bxd4 Bxd4+ 16. Kh1 e5 17. f5 Rg7 18. Ne6 Bxe6 19. fxe6 Bxc3 20. Rxf8+ Kxf8 21. Rf1+ Kg8 22. bxc3 Re7 23. Qh4 Ng7 24. Rf7 Rd7 25. e7 Qe8 26. Rf8+ Qxf8 27. exf8Q+ Kxf8 28. Qxh7 Kf7 29. Qh3 Rd8 30. g3 Ne6 31. Be2 Nf8 32. Qf1+ Ke7 33. Qc1 Kf7 34. Qb2 Rb8 35. Qa3 a5 36. Qa4 Kf6 37. Qc6 Rd8 38. Qxb6 Ne6 39. Bg4 Rd7 40. Bxe6 Kxe6 41. Qxa5 Rf7 42. Kg2 Rb7 43. a4 Rb2+ 44. Kh3 Re2 45. Qa8 Rc2 46. a5 d5 47. Qxd5+ Kf6 48. a6 Ra2 49. Qb7 g5 50. Qb6+ Kg7 51. a7 g4+ 52. Kxg4 Kh7 53. a8Q Rxa8 54. Qb7+ Kg6 55. Qc6+ Kh7 56. Qxa8 Kh6 57. Qc6+ Kh7 58. Kg5 Kg7 59. Qc7+ Kf8 60. Kf6 Ke8 61. Qe7# 1-0

[Event "Dublin Irish New Year IM"]
[Site "Dublin"]
[Date "2022.01.03"]
[Round "3"]
[White "Wall, Tim"]
[Black "Daly, Colm"]
[Result "1-0"]
[WhiteElo "2256"]
[BlackElo "2285"]
[PlyCount "65"]
[EventDate "2022.01.02"]
[EventType "tourn"]
[EventRounds "9"]
[EventCountry "IRL"]
[SourceTitle "EXT 2023"]
[Source "ChessBase"]
[SourceDate "2022.10.05"]
[SourceVersion "1"]
[SourceVersionDate "2022.10.05"]
[SourceQuality "1"]

1. d4 e6 2. e4 d5 3. e5 c5 4. c3 Ne7 5. Na3 Nec6 6. Nc2 Nd7 7. f4 cxd4 8. cxd4 h5 9. Nf3 Be7 10. Bd3 Nb6 11. 0-0 g6 12. Qe1 a5 13. a4 Bd7 14. b3 Kf8 15. Ba3 Kg7 16. Ng5 Nc8 17. Qg3 Qe8 18. f5 exf5 19. Bxf5 Bxf5 20. Rxf5 Bxg5 21. Qxg5 Nd8 22. Raf1 Ra6 23. Ne3 Qd7 24. Rf6 Rxf6 25. Rxf6 Rh7 26. Nf5+ Kh8 27. Qxg6 Ne6 28. Qg3 Qc6 29. Nh6 Qe8 30. Qf2 Ng5 31. Qf5 Rg7 32. h4 Ne4 33. Nxf7+ 1-0

[Event "IRL-ch Seniors 50/65"]
[Site "Dublin"]
[Date "2021.09.26"]
[Round "5"]
[White "MacElligott, Gerard"]
[Black "Daly, Colm"]
[Result "0-1"]
[WhiteElo "1966"]
[BlackElo "2285"]
[PlyCount "74"]
[EventDate "2021.09.24"]
[EventType "swiss"]
[EventRounds "5"]
[EventCountry "IRL"]
[SourceTitle "EXT 2024"]
[Source "ChessBase"]
[SourceDate "2023.10.10"]
[SourceVersion "1"]
[SourceVersionDate "2023.10.10"]
[SourceQuality "1"]

1. Nf3 Nf6 2. c4 g6 3. Nc3 Bg7 4. g3 0-0 5. Bg2 d6 6. d4 c6 7. 0-0 Bf5 8. Re1 Ne4 9. Nxe4 Bxe4 10. Be3 Nd7 11. Bh3 Bxf3 12. exf3 e6 13. Qc2 d5 14. Rad1 dxc4 15. Qxc4 Nb6 16. Qc2 Qd5 17. a3 Qxf3 18. Bg2 Qh5 19. Bf4 Rfd8 20. Be5 Bxe5 21. Rxe5 Qh6 22. h4 Qg7 23. h5 Rxd4 24. Rde1 Rad8 25. hxg6 hxg6 26. Bf3 Rd2 27. Qc1 Qf6 28. R1e3 Kg7 29. Kg2 R8d4 30. Re2 R2d3 31. R5e3 Nd5 32. Bxd5 cxd5 33. Qc8 Rxe3 34. Rxe3 e5 35. Qxb7 e4 36. Qxa7 Rd2 37. Rb3 d4 0-1

[Event "Dublin Masters op"]
[Site "Dublin"]
[Date "2021.09.12"]
[Round "4"]
[White "Tirziman, Rudolf"]
[Black "Daly, Colm"]
[Result "0-1"]
[WhiteElo "1941"]
[BlackElo "2285"]
[PlyCount "86"]
[EventDate "2021.09.10"]
[EventType "swiss"]
[EventRounds "5"]
[EventCountry "IRL"]
[SourceTitle "CBM 204 Extra"]
[Source "ChessBase"]
[SourceDate "2021.11.30"]
[SourceVersion "1"]
[SourceVersionDate "2021.11.30"]
[SourceQuality "1"]

1. d4 Nf6 2. c4 e6 3. Nf3 Bb4+ 4. Nbd2 d5 5. Qa4+ Nc6 6. a3 Bxd2+ 7. Bxd2 Ne4 8. e3 0-0 9. Qc2 Bd7 10. b4 Ne7 11. Bd3 f5 12. Rc1 c6 13. Ne5 Be8 14. f3 Nxd2 15. Qxd2 Ng6 16. Nxg6 Bxg6 17. 0-0 Qe7 18. f4 Be8 19. c5 g5 20. a4 a6 21. Rb1 Bd7 22. Qb2 h6 23. b5 axb5 24. axb5 Ra5 25. b6 Rfa8 26. Ra1 Qd8 27. Rxa5 Rxa5 28. Ra1 Qa8 29. Rxa5 Qxa5 30. Qf2 g4 31. Bf1 Qc3 32. h3 h5 33. hxg4 fxg4 34. Qe2 Be8 35. Qd3 Qe1 36. Qe2 Qh4 37. g3 Qxg3+ 38. Qg2 Qxe3+ 39. Qf2 Qc3 40. Kh2 Bg6 41. Qg3 Qd2+ 42. Kg1 Qxd4+ 43. Kh2 Bf5 0-1

[Event "Dublin Masters op"]
[Site "Dublin"]
[Date "2021.09.11"]
[Round "3"]
[White "Daly, Colm"]
[Black "O'Gorman, Alice"]
[Result "1-0"]
[WhiteElo "2285"]
[BlackElo "1926"]
[PlyCount "107"]
[EventDate "2021.09.10"]
[EventType "swiss"]
[EventRounds "5"]
[EventCountry "IRL"]
[SourceTitle "CBM 204 Extra"]
[Source "ChessBase"]
[SourceDate "2021.11.30"]
[SourceVersion "1"]
[SourceVersionDate "2021.11.30"]
[SourceQuality "1"]

1. c4 e6 2. Nf3 d5 3. e3 Nf6 4. b3 c5 5. Bb2 Nc6 6. cxd5 exd5 7. Bb5 a6 8. Bxc6+ bxc6 9. d3 Be7 10. Ne5 Qc7 11. Nd2 0-0 12. f4 Nd7 13. 0-0 Nxe5 14. Bxe5 Bd6 15. Bxd6 Qxd6 16. e4 a5 17. e5 Qe7 18. Qc2 Ba6 19. Rac1 f6 20. Nf3 a4 21. Rfe1 axb3 22. axb3 Rab8 23. e6 f5 24. Qxc5 Qxc5+ 25. Rxc5 Bxd3 26. Ne5 Rxb3 27. Nxc6 Be4 28. Ne7+ Kh8 29. Nxd5 Bxd5 30. Rxd5 Rbb8 31. Rd7 Rfe8 32. Re3 Kg8 33. Rd5 g6 34. Rd6 Rb7 35. Kf2 Rbe7 36. h3 Kg7 37. g4 fxg4 38. hxg4 h6 39. g5 h5 40. Kg3 Rf8 41. Re5 Ra8 42. Re3 Rf8 43. Re4 Ra8 44. Kf3 Ra5 45. Rc4 Ra3+ 46. Ke4 Ra1 47. Kd5 Rd1+ 48. Rd4 Re1 49. Re4 Rxe4 50. Kxe4 Kf8 51. Ke5 h4 52. Kf6 Re8 53. Rd7 Kg8 54. e7 1-0

[Event "IRL-ch 100th"]
[Site "Dublin"]
[Date "2021.08.07"]
[Round "8"]
[White "Murphy, Conor"]
[Black "Daly, Colm"]
[Result "1-0"]
[WhiteElo "2394"]
[BlackElo "2285"]
[PlyCount "130"]
[EventDate "2021.07.31"]
[EventType "swiss"]
[EventRounds "9"]
[EventCountry "IRL"]
[SourceTitle "CBM 203 Extra"]
[Source "ChessBase"]
[SourceDate "2021.09.30"]
[SourceVersion "1"]
[SourceVersionDate "2021.09.30"]
[SourceQuality "1"]

1. e4 e6 2. d4 d5 3. Nc3 Nf6 4. e5 Nfd7 5. f4 c5 6. Nf3 Nc6 7. Be3 cxd4 8. Nxd4 Bc5 9. Qd2 a6 10. 0-0-0 Nxd4 11. Bxd4 0-0 12. h4 b5 13. h5 b4 14. Na4 Bxd4 15. Qxd4 a5 16. h6 g6 17. Bb5 Rb8 18. Bxd7 Bxd7 19. Nc5 Qe7 20. Ne4 dxe4 21. Qxd7 Qc5 22. Qd4 Qc6 23. Qd6 Qc4 24. Kb1 Rbc8 25. Rc1 Rfe8 26. Rhd1 e3 27. g3 e2 28. Rd2 a4 29. Qd3 Qc5 30. Qxe2 a3 31. c4 axb2 32. Rxb2 Ra8 33. Qd2 Rab8 34. Qd6 Qe3 35. Rb3 Qe4+ 36. Ka1 Qe2 37. Qd3 Qh2 38. Qc2 Qxh6 39. c5 Qf8 40. Qc4 Qe7 41. Rxb4 Rbc8 42. Rb6 Qa7 43. Ra6 Qd7 44. c6 Qd2 45. c7 Qf2 46. Qc3 h5 47. Ra4 Kg7 48. Rc4 Qg2 49. Qe3 Qd5 50. Rc5 Qg2 51. R5c2 Qd5 52. Rd2 Qa5 53. Rd7 Ra8 54. Qd2 Qa3 55. Rc3 Qb4 56. Rc2 Qb6 57. Rd6 Qb7 58. Rd8 Qh1+ 59. Qd1 Qxd1+ 60. Rxd1 Kf8 61. Rd7 Rec8 62. Rcd2 Re8 63. Rd8 Ke7 64. R2d7+ Kf8 65. Rxa8 Kg8 1-0

[Event "IRL-ch 100th"]
[Site "Dublin"]
[Date "2021.08.01"]
[Round "2"]
[White "Daly, Colm"]
[Black "Baburin, Alexander"]
[Result "1/2-1/2"]
[WhiteElo "2285"]
[BlackElo "2416"]
[PlyCount "58"]
[EventDate "2021.07.31"]
[EventType "swiss"]
[EventRounds "9"]
[EventCountry "IRL"]
[SourceTitle "CBM 203 Extra"]
[Source "ChessBase"]
[SourceDate "2021.09.30"]
[SourceVersion "1"]
[SourceVersionDate "2021.09.30"]
[SourceQuality "1"]

1. e4 Nf6 2. e5 Nd5 3. d4 d6 4. Nf3 dxe5 5. Nxe5 c6 6. Be2 Bf5 7. 0-0 Nd7 8. Nf3 e6 9. c4 N5f6 10. Nc3 Ne4 11. Re1 Nxc3 12. bxc3 Be7 13. Bd3 Bxd3 14. Qxd3 0-0 15. Bf4 Re8 16. a4 Qa5 17. Reb1 b6 18. h3 Bf6 19. Re1 Rad8 20. Qc2 e5 21. Bd2 Qa6 22. Qb3 exd4 23. cxd4 c5 24. Rxe8+ Rxe8 25. Bc3 cxd4 26. Bxd4 Nc5 27. Qb5 Qxb5 28. axb5 Bxd4 29. Nxd4 Ra8 1/2-1/2

[Event "IRL-ch"]
[Site "Dublin"]
[Date "2020.08.09"]
[Round "9"]
[White "Daly, Colm"]
[Black "O'Donnell, Conor"]
[Result "0-1"]
[WhiteElo "2248"]
[BlackElo "2304"]
[PlyCount "124"]
[EventDate "2020.08.01"]
[EventType "swiss"]
[EventRounds "9"]
[EventCountry "IRL"]
[SourceTitle "CBM 197 Extra"]
[Source "ChessBase"]
[SourceDate "2020.09.30"]
[SourceVersion "1"]
[SourceVersionDate "2020.09.30"]
[SourceQuality "1"]

1. d4 e6 2. Nf3 Nf6 3. c4 d5 4. e3 b6 5. Bd3 Bb7 6. 0-0 Bd6 7. b4 dxc4 8. Bxc4 0-0 9. a3 c5 10. dxc5 bxc5 11. bxc5 Bxc5 12. Bb2 Nbd7 13. Nbd2 Nb6 14. Be2 Qe7 15. Nb3 Rfd8 16. Qe1 Bd6 17. Qa5 Bd5 18. Nbd4 Rac8 19. Rfc1 Bc4 20. Qe1 Qd7 21. Qf1 Bxe2 22. Qxe2 Na4 23. Nb5 Be7 24. Bd4 a6 25. Nc3 Nxc3 26. Rxc3 Qa4 27. h3 Ne4 28. Rxc8 Rxc8 29. Qd3 Qc2 30. Qxc2 Rxc2 31. Rb1 f6 32. Rb2 Rc1+ 33. Kh2 Bxa3 34. Ra2 Bd6+ 35. g3 a5 36. Kg2 a4 37. Ng1 a3 38. Ne2 Rb1 39. f3 Ng5 40. h4 Nf7 41. Nc3 Rb3 42. Nd1 Bb4 43. Kf2 e5 44. Ba1 Nd6 45. Ke2 Nf5 46. g4 Nxh4 47. Rc2 Rb1 48. Bc3 Bxc3 49. Nxc3 Rb2 50. Rxb2 axb2 51. Kf2 Kf7 52. Kg3 Ng6 53. Kf2 Ke7 54. Ke2 Nh4 55. Kf2 Kd6 56. f4 exf4 57. exf4 Ng6 58. Ke3 Ne7 59. Kf3 Nd5 60. Nb1 Kc5 61. Ke4 Kc4 62. Na3+ Kb3 0-1

[Event "Dublin Gonzaga Masters"]
[Site "Dublin"]
[Date "2020.01.26"]
[Round "4"]
[White "Daly, Colm"]
[Black "Lalic, Bogdan"]
[Result "1/2-1/2"]
[WhiteElo "2238"]
[BlackElo "2402"]
[PlyCount "40"]
[EventDate "2020.01.24"]
[EventType "swiss"]
[EventRounds "5"]
[EventCountry "IRL"]
[SourceTitle "CBM 194"]
[Source "ChessBase"]
[SourceDate "2020.01.27"]
[SourceVersion "1"]
[SourceVersionDate "2020.01.27"]
[SourceQuality "1"]

1. Nf3 c5 2. e3 g6 3. c4 Bg7 4. Nc3 Nf6 5. d4 0-0 6. d5 d6 7. h3 e6 8. e4 exd5 9. exd5 Re8+ 10. Be2 Bf5 11. 0-0 Ne4 12. Nxe4 Bxe4 13. Bd3 Na6 14. Bxe4 Rxe4 15. Qc2 Qe8 16. Bd2 Nb4 17. Bxb4 cxb4 18. Rae1 Rxe1 19. Rxe1 Qd7 20. Re2 Rc8 1/2-1/2